Bilecik Bilecik Bilecik Bilecik Bilecik

Dişi kurdun rüyaları / (Record no. 6476)

MARC details
000 -BAŞLIK
Sabit Uzunluktaki Kontrol Alanı 01446nam a22003377a 4500
001 - KONTROL NUMARASI
Control Dosyası 0006495
003 - KONTROL NUMARASI KİMLİĞİ
Kontrol Alanı KOHA_MİRAKIL
005 - EN SON İŞLEM TARİHİ ve ZAMANI
Kontrol Alanı 20260207001524.0
007 - FİZİKSEL TANIM SABİT ALAN - GENEL BİLGİ
Sabit uzunluklu kontrol alanı ta
008 - SABİT UZUNLUKTAKİ VERİ ÖGELERİ - GENEL BİLGİ
Sabit Alan 090717b2007 tu |||gr||||#0|||1|tur |
020 ## - ISBN - ULUSLARARASI STANDART KİTAP NUMARASI
Isbn 9754370095
040 ## - KATALOGLAMA KAYNAĞI
Özgün Kataloglama Kurumu TR-BiSEU
Kataloglama Dili tur
Çeviri Kurumu TR-BiSEU
Açıklama Kuralları rda
041 0# - DİL KODU
Metin ya da ses kaydının dil kodu tur
044 ## - YAYINLAYAN/ÜRETEN KURULUŞUN ÜLKE KODU
ISO country code tu
050 ## - SINIFLAMA ve YER NUMARASI
Sınıflama Numarası PG3478.I8
Yer Numarası D57 2007
100 1# - KİŞİ ADI
Yazar Adı (Kişi adı) Aytmatov, Cengiz .
245 1# - ESER ADI BİLDİRİMİ
Başlık Dişi kurdun rüyaları /
Sorumluluk Bildirimi Cengiz Aytmatov ; Cengiz Aytmatov ; tercüme Refik Özdek.
250 ## - BASIM BİLDİRİMİ
Basım Bildirimi 9.bs.
264 #1 - ÜRERİM, YAYIN, DAĞITIM ve TELİF BİLDİRİMİ
Yayın yeri İstanbul :
Yayınlayan Ötüken Neşriyat
Yayın tarihi 2007
300 ## - FİZİKSEL TANIMLAMA
Sayfa, Cilt vb. 390 sayfa; 20 cm.
336 ## - İÇERİK TÜRÜ
Content type term metin
Content type code txt
Source rdacontent
337 ## - MEDYA TÜRÜ
Media type term aracısız
Media type code n
Source rdamedia
338 ## - TAŞIYICI TÜRÜ
Carrier type term cilt
Carrier type code nc
Source rdacarrier
490 1# - DİZİ BİLDİRİMİ
Dizi Bildirimi Yayın No. ;
Cilt Numarası 216, Edebi Eserler ;
-- 107.
505 ## - İÇİNDEKİLER NOTU
İçindekiler Notu Aytmatov'un yazarlık seyrinin mahalli olandan evrensel olana taşındığı eseridir. Hıristiyanlık temel alınarak Sovyet rejiminin dinî hayat üzerindeki yanlış uygulamalarına, bunun bir neticesi olan uyuşturucu belasına ve bozulan ekolojik dengeye değinilmiştir. Farklı saiklerin bir araya getirdiği acımasız, serseri ve sorumsuz afyon kaçakçıları.... Bu kaçakçılarla yolu belli belirsiz kesişen bir dişi kurt... Bir devrin hüznüdür...
650 #0 - KONU BAŞLIĞI EK GİRİŞ - KONU TERİMİ
Konusal terim veya coğrafi ad Kırgız romanı.
9 (RLIN) 16015
650 #0 - KONU BAŞLIĞI EK GİRİŞ - KONU TERİMİ
Konusal terim veya coğrafi ad Kyrgyz fiction.
9 (RLIN) 16016
830 1# - SERİ EK GİRİŞİ - TEKBİÇİM ESER ADI
Tekbiçim Başlık Yayın No. ;
Volume number/sequential designation 216, Edebi Eserler ;
-- 107.
9 (RLIN) 5650
907 ## - LOCAL DATA ELEMENT G, LDG (RLIN)
a Roman
942 ## - EK GİRİŞ ÖGELERİ (KOHA)
Source of classification or shelving scheme Library of Congress Classification
Koha item type Book
505 ## - İÇİNDEKİLER NOTU
--
Holdings
Materyal Türü Kalıcı Konum Mevcut Konum Raf Yeri Sınıflandırma Kaynağı Edinim Bilgisi Ana Konular Alt Konular Yer Numarası Demirbaş Numarası Fatura Tarihi Maliyet, Alış Fiyatı Maliyet, Yenileme Fiyatı Geri Çekilme Durumu Kayıp Durumu Hasarlı Durumu Kredi için değil Kayıt Tarih Toplam Ödünçverme Son Görülme Tarihi Son Kontrol Tarihi Genel / Bağış Notu
Book Prof. Dr. Azmi Özcan Kütüphanesi Prof. Dr. Azmi Özcan Kütüphanesi Birûni Salonu Library of Congress Classification Bağış DİL VE EDEBİYAT Slav Dilleri, Baltık Dilleri, Arnavutça PG3478.I8 D57 2007 0006495 13/08/2010 14.00 14.00         17/07/2009 19 24/12/2025 24/12/2025 Ötüken Yayınevi